Process development in antibiotic fermentations

Gorde:
Xehetasun bibliografikoak
Egile nagusia: Calam, C. T (Egilea)
Formatua: Liburua
Hizkuntza:ingelesa
Argitaratua: Cambridge Cambridge University 1987
Gaiak:
Etiketak: Etiketa erantsi
Etiketarik gabe, Izan zaitez lehena erregistro honi etiketa jartzen!

MARC

LEADER 00000nam a2200000 a 4500
001 UCV6083
003 CL-VaPUC
008 920421e19870000US |||||||||||||||||eng|d
082 0 4 |a 615.329  |b CAL  |2 21 
100 0 |a Calam, C. T  |e author  |9 300322 
245 1 0 |a Process development in antibiotic fermentations 
300 |a 217 p 
942 |c BK 
945 |d 19920421 00:00:00 
260 |a Cambridge  |b Cambridge University  |c 1987 
650 0 |a Antibióticos  |9 263034 
650 7 |a MICROBIOLOGIA FARMACEUTICA  |2 CL-VaPUC  |9 263047 
650 0 |a Fermentación  |9 259565 
583 |a last modification  |c 20120517 12:15:26  |k Rodrigo Vera 
999 |c 212327  |d 212325 
952 |0 0  |1 0  |4 0  |6 615_329000000000000_CAL_1987  |7 0  |8 A  |9 193154  |a BIBING  |b BIBING  |d 2019-11-14  |i 2608154  |o 615.329 CAL 1987  |p 2608154  |r 2025-01-20  |w 2019-11-14  |y BK  |k EIB 
952 |0 0  |1 0  |4 0  |6 615_329000000000000_CAL_1987  |7 0  |8 A  |9 193155  |a BIBING  |b BIBING  |d 2019-11-14  |i 2608162  |o 615.329 CAL 1987  |p 2608162  |r 2025-01-20  |w 2019-11-14  |y BK  |k EIB